000 00612nam a2200229Ia 4500
003 OSt
005 20220928141658.0
006 a|||||r|||| 00| 0
007 ta
008 220927b |||||||| |||| 00| 0 eng d
024 _a16661
037 _cTextual
040 _aSDCL
_cSDCL
_beng
041 _2eng
_aeng
082 _aB33:10bD, M6
100 _aMckee Sean Ed.
_9501450
245 0 _aIndustrial numerical analysis.
260 _c1986
700 _a Elliott Charles M Ed.
_9501451
942 _hB33:10bD, M6
_cTEXL
_2CC
999 _c819003
_d819003